000 00357 a2200169 4500
001 186542
020 _a978-85-02-02728-2
040 _cMagnum
100 _aAzevedo, Ricardo
240 1 0 _aO leão adamastor
_lpor
245 1 0 _aO leão adamastor
300 _a39
362 0 _a2010
440 1 _aSaraiva
697 _aLITERATURA INFANTO
942 _cBK
999 _c186542
_d186542